Auto da compadecida (Record no. 58160)

MARC details
000 -LÍDER
campo de controle de tamanho fixo 00338 a2200157 4500
001 - NÚMERO DE CONTROLE
campo de controle 58160
020 ## - ISBN - INTERNATIONAL STANDARD BOOK NUMBER
ISBN - International Standard Book Number 8522002657
040 ## - FONTE DA CATALOGAÇÃO
Instituição que transcreveu o registro Anchieta - Pituba
100 ## - ENTRADA PRINCIPAL--NOME PESSOAL
Nome pessoal Suassuna, Adriano
240 10 - TÍTULO UNIFORME
Título uniforme Auto da compadecida
Idioma da obra por
245 10 - TÍTULO
Título Auto da compadecida
300 ## - DESCRIÇÃO FÍSICA
Extensão 203
362 0# - DATAS DE PUBLICAÇÃO E/OU DESIGNAÇÃO SEQUENCIAL
Datas de publicação e/ou designação sequencial 2004
650 #4 - ASSUNTO--TERMO TÓPICO
Cabeçalho tópico ou nome geográfico Drama brasileiro
942 ## - ELEMENTOS DE ENTRADA ADICIONADOS (KOHA)
Tipo de material Koha Livros
Holdings
Situação do descarte Situação das perdas Situação física Não pode ser emprestado Biblioteca de origem Biblioteca atual Data de aquisição Total de empréstimos Número de chamada completo Código de barras Data de último acesso Data do preço efetivo Tipo de material Koha
        Colégio Anchieta - Pituba Colégio Anchieta - Pituba 21/11/2023   869.92 S939a SUA AUT 8493/PIT 21/11/2023 21/11/2023 Livros
        Colégio Anchieta - Pituba Colégio Anchieta - Pituba 21/11/2023   869.92 S939a SUA AUT 8494/PIT 21/11/2023 21/11/2023 Livros
        Colégio Anchieta - Pituba Colégio Anchieta - Pituba 21/11/2023   869.92 S939a SUA AUT 8495/PIT 21/11/2023 21/11/2023 Livros
        Colégio Anchieta - Pituba Colégio Anchieta - Pituba 21/11/2023   869.92 S939a SUA AUT 8496/PIT 21/11/2023 21/11/2023 Livros
        Colégio Anchieta - Pituba Colégio Anchieta - Pituba 21/11/2023   869.92 S939a SUA AUT 8497/PIT 21/11/2023 21/11/2023 Livros
        Colégio Anchieta - Pituba Colégio Anchieta - Pituba 21/11/2023   869.92 S939a SUA AUT 8498/PIT 21/11/2023 21/11/2023 Livros